000 00368nam a2200157Ia 4500
008 230711s9999||||xx |||||||||||||| ||und||
020 _a0-14-019008-2
041 _aENG
082 _a800
_bEA-B
100 _aEaswaran,Eknath
245 4 _aThe Bhagavad Gita
260 _c1986
_aNew Delhi
_bArkana Penguin Books
300 _a237
650 _aLiterature
942 _cBK
999 _c5239
_d5239